Measuring the Performance of Universities through Cluster Analysis and the Use of Fnancial Ratio Indexes

Univerzity sa navzájom predbiehajú v prestíži, študentoch a globálnom umiestnení vo výskume a vývoji. Komparácia v kvalite výkonu sa vykonáva, najprv na národnej, a neskôr na medzinárodnej úrovni. Porovnanie, či je finančná situácia univerzít v súlade s umiestnením v rebríčku univerzít na základe ho...

Ausführliche Beschreibung

Gespeichert in:
Bibliographische Detailangaben
1. Verfasser: Feranecová, Adela, 1986-
Weitere Verfasser: Krigovská, Andrea, 1988-
Format: Buchkapitel
Sprache:Englisch
Schlagworte:
Tags: Tag hinzufügen
Keine Tags, Fügen Sie das erste Tag hinzu!

MARC

LEADER 00000nla a2200000 4500
001 0226539
005 20240502083606.3
041 0 |a eng 
044 |a PL 
245 1 0 |a Measuring the Performance of Universities through Cluster Analysis and the Use of Fnancial Ratio Indexes  |c Adela Feranecová, Andrea Krigovská 
520 |a Univerzity sa navzájom predbiehajú v prestíži, študentoch a globálnom umiestnení vo výskume a vývoji. Komparácia v kvalite výkonu sa vykonáva, najprv na národnej, a neskôr na medzinárodnej úrovni. Porovnanie, či je finančná situácia univerzít v súlade s umiestnením v rebríčku univerzít na základe hodnotiacich kritérií. 
610 2 0 |a analýza faktorová 
610 2 0 |a meranie výkonnosti 
610 2 0 |a analýza zhluková 
610 2 0 |a univerzity 
610 2 0 |a kvalita vzdelávania 
100 1 |a Feranecová, Adela, 1986- 
700 1 |a Krigovská, Andrea, 1988-